| 000 | 00901nam a2200169Ia 4500 | ||
|---|---|---|---|
| 008 | 100122s9999 xx 000 0 und d | ||
| 082 |
_b8290 _a822 |
||
| 100 | _aसाठे शं गो | ||
| 245 | _aमऱ्हाठियेचिया नगरीं ( स्वतंत्र विनोदी एकांकिका ) | ||
| 260 |
_bमनोरमा ग्रंथमाला _c1954 |
||
| 300 | _a50 | ||
| 520 | _a( स्वतंत्र विनोदी एकांकिका ) | ||
| 620 | _a( स्वतंत्र विनोदी एकांकिका ) | ||
| 630 | _aमऱ्हाठियेचिया नगरीं ( स्वतंत्र विनोदी एकांकिका ) | ||
| 730 | _aमऱ्हाठियेचिया नगरीं ( स्वतंत्र विनोदी एकांकिका ) | ||
| 942 | _cBOOK | ||
| 999 |
_c400646 _d400643 |
||